000 01294nam a2200361 i 4500
001 2173
003 KOSZ 005
005 20200630132816.0
008 070729s1971 pl a f 001 0 pol
015 _aPB 641/72
040 _aWA N
_cWA N
_dKOSZ 005/RW
041 1 _apol
_hrus
080 _a537
100 1 _aKireev, Petr Semenovič.
_eAutor
245 1 0 _aFizyka półprzewodników /
_cP. S. Kiriejew ; [tłumaczenie Stanisław Andrzej Ignatowicz].
246 1 _iTytuł oryginału:
_aFizika poluprovodnikov.
260 _aWarszawa :
_bPaństwowe Wydawnictwo Naukowe ,
_c1971.
300 _a648, [3] stron :
_bilustracje ;
_c23 cm.
336 _aTekst
_btxt
_2rdacontent
337 _aBez urządzenia pośredniczącego
_bn
_2rdamedia
338 _aWolumin
_bnc
_2rdacarrier
380 _aKsiążki
504 _aIndeks.
650 4 _aZjawiska optyczne.
650 4 _aZjawiska kinetyczne.
658 _aFizyka i astronomia
658 _aInżynieria i technika
650 4 _aPółprzewodniki
700 1 _aIgnatowicz, Stanisław Andrzej
_d(1933-1993)
_eTłumaczenie
710 2 _aPaństwowe Wydawnictwo Naukowe
_4pbl.
856 _uhttp://koha.tu.koszalin.pl/cgi-bin/koha/opac-detail.pl?biblionumber=2173
_yKatalog online BPK
942 _2UKD
_cKS
999 _c2173
_d2173